Diseño de comic y novela gráfica : (Registro nro. 3192)

000 -CABECERA
campo de control de longitud fija 01801nam a2200313 u 4500
001 - NÚMERO DE CONTROL
campo de control 000048853
005 - FECHA Y HORA DE LA ÚLTIMA TRANSACCIÓN
campo de control 20200120222618.0
008 - DATOS DE LONGITUD FIJA--INFORMACIÓN GENERAL
campo de control de longitud fija 120508s2010 sp gr 000 | spa d
020 ## - NÚMERO INTERNACIONAL ESTÁNDAR DEL LIBRO
Número Internacional Estándar del Libro 9788434236752.
043 ## - CÓDIGO DE ÁREA GEOGRÁFICA
Código de área geográfica e-sp---
082 04 - NÚMERO DE LA CLASIFICACIÓN DECIMAL DEWEY
Número de clasificación 741.5
Número de documento/Ítem S62
Número de edición 21
100 1# - ENTRADA PRINCIPAL--NOMBRE DE PERSONA
Nombre de persona Spencer Millidge, Gary.
245 10 - MENCIÓN DE TÍTULO
Título Diseño de comic y novela gráfica :
Resto del título la guía esencial /
Mención de responsabilidad, etc. Gary Spencer Millidge ; coordinación editorial Tomàs Ubach ; traducción Carolina Sánchez Opazo ; prólogo de Dave Gibbons.
250 ## - MENCIÓN DE EDICIÓN
Mención de edición 1a. ed.
260 ## - PUBLICACIÓN, DISTRIBUCIÓN, ETC.
Lugar de publicación, distribución, etc. Barcelona (España) :
Nombre del editor, distribuidor, etc. Parramón,
Fecha de publicación, distribución, etc. 2010.
300 ## - DESCRIPCIÓN FÍSICA
Extensión 160 p. :
Otras características físicas il., col.
490 #0 - MENCIÓN DE SERIE
Mención de serie Parramón
-- Arquitectura y diseño
500 ## - NOTA GENERAL
Nota general Título original : Cómic book desing.
500 ## - NOTA GENERAL
Nota general Subtítulo tomado de la cubierta.
500 ## - NOTA GENERAL
Nota general Incluye índice de contenidos.
520 3# - SUMARIO, ETC.
Sumario, etc. "Esta obra es una excelente guía de cómo abordar el diseño, tanto de la idea del relato como del diseño de los personajes y de la página de un cómic o bien de una novela gráfica, pues el límite entre ambos es bien sutil, hasta el tratamiento del color y el diseño de cubiertas, logos y encabezamientos de cara a la publicación comercial. El autor, un notable especialista, ha hechos una cuidada y bien seleccionada muestra de cómics y novela gráfica de todos los tiempos y de todos los estilos, que lo asemeja a una historia del cómic aun sin serlo. Ello, junto con una atractiva diagramación, hacen de esta obra un libro muy recomendable por su rigor, sus ejemplos y su presentación."
650 14 - PUNTO DE ACCESO ADICIONAL DE MATERIA--TÉRMINO DE MATERIA
Término de materia o nombre geográfico como elemento de entrada Novela gráfica
Subdivisión general Técnica.
650 24 - PUNTO DE ACCESO ADICIONAL DE MATERIA--TÉRMINO DE MATERIA
Término de materia o nombre geográfico como elemento de entrada Tiras cómicas, historietas, etc.
650 24 - PUNTO DE ACCESO ADICIONAL DE MATERIA--TÉRMINO DE MATERIA
Término de materia o nombre geográfico como elemento de entrada Humorismo gráfico.
650 24 - PUNTO DE ACCESO ADICIONAL DE MATERIA--TÉRMINO DE MATERIA
Término de materia o nombre geográfico como elemento de entrada Caricaturas.
700 1# - PUNTO DE ACCESO ADICIONAL--NOMBRE DE PERSONA
Nombre de persona Ubach, Tomás,
Fechas asociadas al nombre ed.
700 1# - PUNTO DE ACCESO ADICIONAL--NOMBRE DE PERSONA
Nombre de persona Sánchez Opazo, Carolina,
Término indicativo de función/relación tr.
700 1# - PUNTO DE ACCESO ADICIONAL--NOMBRE DE PERSONA
Nombre de persona Gibbons, Dave,
Término indicativo de función/relación pról.
Existencias
Estado de retiro Estado de pérdida Fuente del sistema de clasificación o colocación Estado dañado No para préstamo Código de colección Localización permanente Ubicación/localización actual Fecha de adquisición Número de inventario Total de préstamos Renovaciones totales Signatura topográfica completa Código de barras Fecha visto por última vez Fecha del último préstamo Número de copia Precio válido a partir de Tipo de ítem Koha Nota pública
          Colección General Biblioteca Pública San Juan Bosco Biblioteca Pública San Juan Bosco 20/01/2020 105973 4 5 741.5 S62 MOS016614 13/01/2026 07/11/2025 ej.1 20/01/2020 Libro Ocho días

© Todos los derechos reservados para la Biblioteca Pública Municipal San Juan Bosco, 2020
Secretaria de Cultura de Mosquera
Carrera 3 N° 10 Esquina Centro Cultural Barrio El Carmén Teléfono: 8270830 Ext: 34
Funcionando con KOHA
Contacto: Biblioteca Pública Municipal San Juan Bosco/ bibliotecasanjuanbosco@mosquera-cundinamarca.gov.co
Mosquera, Cundinamarca